[Event "Goch op 22nd"]
[Site "Goch"]
[Date "2011.10.01"]
[Round "5"]
[White "Stuemer, Paul"]
[Black "Beckers, Marius"]
[Result "1-0"]
[WhiteElo "2130"]
[BlackElo "1857"]
[PlyCount "41"]
[EventDate "2011.09.29"]
[EventType "swiss"]
[EventRounds "7"]
[EventCountry "GER"]
[SourceTitle "EXT 2014"]
[Source "ChessBase"]
[SourceDate "2013.11.20"]
[SourceVersion "1"]
[SourceVersionDate "2013.11.20"]
[SourceQuality "1"]

1. d4 Nf6 2. Nf3 g6 3. g3 Bg7 4. Bg2 0-0 5. 0-0 d6 6. c4 Nbd7 7. Nc3 e5 8. h3 c6 9. Qc2 Re8 10. e3 a5 11. Rd1 Qc7 12. b3 Nf8 13. dxe5 dxe5 14. Ba3 Bf5 15. e4 Bd7 16. Bd6 Qc8 17. Na4 Ra7 18. Kh2 Nh5 19. Bxf8 Bxf8 20. Nb6 Qc7 21. Nxd7 1-0

[Event "Goch op 22nd"]
[Site "Goch"]
[Date "2011.09.30"]
[Round "2"]
[White "Beckers, Marius"]
[Black "Bieker, Peter"]
[Result "1-0"]
[WhiteElo "1857"]
[BlackElo "1511"]
[PlyCount "85"]
[EventDate "2011.09.29"]
[EventType "swiss"]
[EventRounds "7"]
[EventCountry "GER"]
[SourceTitle "EXT 2014"]
[Source "ChessBase"]
[SourceDate "2013.11.20"]
[SourceVersion "1"]
[SourceVersionDate "2013.11.20"]
[SourceQuality "1"]

1. d4 d5 2. c4 e6 3. Nc3 Nf6 4. Bg5 Be7 5. e3 0-0 6. cxd5 exd5 7. Bd3 Re8 8. Qc2 Nbd7 9. Nge2 h6 10. Bh4 b6 11. 0-0 Bb7 12. a3 c5 13. Rab1 cxd4 14. Nxd4 Rc8 15. Nf5 Ne5 16. Nxe7+ Qxe7 17. Bf5 Rc4 18. f4 Ng6 19. Bxg6 fxg6 20. Rbe1 Qe4 21. Nxe4 Rxc2 22. Nxf6+ gxf6 23. Bxf6 d4 24. Rf2 Rxe3 25. Rxe3 Rc1+ 26. Rf1 Rxf1+ 27. Kxf1 dxe3 28. g3 Ba6+ 29. Ke1 Kf7 30. Be5 Ke6 31. Bb8 Kf5 32. Bxa7 Kg4 33. Bxb6 e2 34. a4 Kf3 35. b4 Bc4 36. Bf2 Kg2 37. b5 Kxh2 38. b6 Ba6 39. g4 Kh3 40. f5 Kxg4 41. fxg6 h5 42. g7 Bc4 43. b7 1-0

[Event "Goch op 20th"]
[Site "Goch"]
[Date "2009.10.04"]
[Round "7"]
[White "Rettenbacher, Stefan"]
[Black "Beckers, Marius"]
[Result "1-0"]
[WhiteElo "2110"]
[BlackElo "1818"]
[PlyCount "40"]
[EventDate "2009.10.01"]
[EventType "swiss"]
[EventRounds "7"]
[EventCountry "GER"]
[SourceTitle "EXT 2011"]
[Source "ChessBase"]
[SourceDate "2010.11.26"]
[SourceVersion "1"]
[SourceVersionDate "2010.11.26"]
[SourceQuality "1"]

1. d4 Nf6 2. Nf3 g6 3. g3 Bg7 4. Bg2 0-0 5. 0-0 d6 6. c4 Nbd7 7. Nc3 e5 8. e4 h6 9. Rb1 Re8 10. d5 Rf8 11. b4 Nh7 12. Nh4 Bf6 13. Nf3 Bg7 14. Qc2 f5 15. Nh4 Qf6 16. Nb5 c5 17. dxc6 bxc6 18. exf5 cxb5 19. Bd5+ Rf7 20. fxg6 Ng5 1-0

[Event "Goch op 20th"]
[Site "Goch"]
[Date "2009.10.03"]
[Round "5"]
[White "Herms, Stefan"]
[Black "Beckers, Marius"]
[Result "1-0"]
[WhiteElo "1968"]
[BlackElo "1818"]
[PlyCount "47"]
[EventDate "2009.10.01"]
[EventType "swiss"]
[EventRounds "7"]
[EventCountry "GER"]
[SourceTitle "EXT 2011"]
[Source "ChessBase"]
[SourceDate "2010.11.26"]
[SourceVersion "1"]
[SourceVersionDate "2010.11.26"]
[SourceQuality "1"]

1. e4 e6 2. d4 d5 3. e5 c5 4. Nf3 Nc6 5. c3 Bd7 6. Bd3 cxd4 7. cxd4 Qb6 8. 0-0 Nxd4 9. Nxd4 Qxd4 10. Nc3 a6 11. Qe2 Ne7 12. Kh1 Nc6 13. f4 Qb6 14. a3 Nd4 15. Qf2 a5 16. Be3 Bc5 17. b4 axb4 18. axb4 Rxa1 19. Rxa1 Qxb4 20. Ra8+ Ke7 21. Nxd5+ exd5 22. Rxh8 Bb5 23. Bxb5 Qxb5 24. Bxd4 1-0

[Event "Goch op 20th"]
[Site "Goch"]
[Date "2009.10.02"]
[Round "3"]
[White "Vasiljev, Jurij"]
[Black "Beckers, Marius"]
[Result "1-0"]
[WhiteElo "2127"]
[BlackElo "1818"]
[PlyCount "145"]
[EventDate "2009.10.01"]
[EventType "swiss"]
[EventRounds "7"]
[EventCountry "GER"]
[SourceTitle "EXT 2011"]
[Source "ChessBase"]
[SourceDate "2010.11.26"]
[SourceVersion "1"]
[SourceVersionDate "2010.11.26"]
[SourceQuality "1"]

1. d4 Nf6 2. c4 g6 3. Nc3 Bg7 4. e4 d6 5. f4 0-0 6. Nf3 c5 7. d5 e6 8. Bd3 Na6 9. 0-0 Bd7 10. e5 dxe5 11. fxe5 Ng4 12. Bf4 f6 13. exf6 Nxf6 14. Ng5 Nb4 15. dxe6 Bc8 16. Be2 Qxd1 17. Raxd1 h6 18. e7 Re8 19. Nf3 Rxe7 20. Bd6 Re8 21. Bxc5 Nxa2 22. Nxa2 Rxe2 23. Rd8+ Kh7 24. Bd4 Bh3 25. Rxa8 Rxg2+ 26. Kh1 Ng4 27. Bxg7 Kxg7 28. Re8 Rxb2 29. Rfe1 Bg2+ 30. Kg1 Bxf3 31. R1e7+ Kf6 32. Nc3 Rg2+ 33. Kf1 Rxh2 34. Ne4+ Bxe4 35. Rxe4 h5 36. Rf8+ Kg7 37. Ra8 Rc2 38. Rxa7 Rxc4 39. Rxb7+ Kh6 40. Re6 Rf4+ 41. Kg1 Rf6 42. Rxf6 Nxf6 43. Rb6 Ng4 44. Kg2 h4 45. Kh3 Kh5 46. Rb8 Nf2+ 47. Kg2 Ne4 48. Rb4 Ng3 49. Kh3 g5 50. Rb8 g4+ 51. Kg2 Nf5 52. Rg8 Ne7 53. Ra8 h3+ 54. Kh2 Ng6 55. Kg3 h2 56. Ra5+ Kh6 57. Kxh2 Kg7 58. Kg3 Kf6 59. Kxg4 Ne5+ 60. Kf4 Nd3+ 61. Ke4 Nf2+ 62. Kf3 Nd3 63. Rd5 Nb4 64. Rd4 Nc2 65. Rc4 Na3 66. Rc5 Ke6 67. Ke3 Kd6 68. Kd4 Nb1 69. Ra5 Nd2 70. Ra6+ Ke7 71. Ra3 Kf6 72. Rd3 Nb1 73. Ke3 1-0

[Event "Goch op 19th"]
[Site "Goch"]
[Date "2008.10.10"]
[Round "3"]
[White "Beckers, Marius"]
[Black "Ruetten, Ingmar"]
[Result "1-0"]
[WhiteElo "1774"]
[BlackElo "2012"]
[PlyCount "45"]
[EventDate "2008.10.09"]
[EventType "swiss"]
[EventRounds "7"]
[EventCountry "GER"]
[SourceTitle "EXT 2011"]
[Source "ChessBase"]
[SourceDate "2010.11.26"]
[SourceVersion "1"]
[SourceVersionDate "2010.11.26"]
[SourceQuality "1"]

1. d4 Nf6 2. c4 e6 3. Nc3 Bb4 4. Qc2 d5 5. Bg5 c5 6. dxc5 d4 7. a3 Bxc3+ 8. bxc3 dxc3 9. Qxc3 Nbd7 10. c6 bxc6 11. g3 Qb6 12. Bxf6 Nxf6 13. Bg2 0-0 14. Nf3 c5 15. 0-0 Bb7 16. Rab1 Qc7 17. Rfd1 Rfb8 18. Qe5 Qe7 19. Rb5 Nd7 20. Qc7 Bd5 21. Rxb8+ Rxb8 22. cxd5 exd5 23. e3 1-0

[Event "Goch op 17th"]
[Site "Goch"]
[Date "2006.10.13"]
[Round "3"]
[White "Ahlberg, Guenter"]
[Black "Beckers, Marius"]
[Result "1-0"]
[WhiteElo "2135"]
[BlackElo "1782"]
[PlyCount "57"]
[EventDate "2006.10.12"]
[EventType "swiss"]
[EventRounds "7"]
[EventCountry "GER"]
[SourceTitle "EXT 2008"]
[Source "ChessBase"]
[SourceDate "2007.11.25"]
[SourceVersion "1"]
[SourceVersionDate "2007.11.25"]
[SourceQuality "1"]

1. e4 e6 2. d4 d5 3. Nc3 Bb4 4. e5 c5 5. Bd2 cxd4 6. Nb5 Bxd2+ 7. Qxd2 Nc6 8. f4 f6 9. Nf3 Nge7 10. Nd6+ Kf8 11. Bd3 fxe5 12. fxe5 Nf5 13. Qf4 Ke7 14. Bxf5 Qa5+ 15. Kd1 exf5 16. Qg5+ Kf8 17. Nxf5 Bxf5 18. Qxf5+ Ke8 19. Qe6+ Kd8 20. Ng5 Kc7 21. Qd6+ Kb6 22. Ne6 Qb5 23. b3 d3 24. Qc7+ Ka6 25. c3 Rae8 26. Qd6 Kb6 27. Nc7 Qa5 28. Nxd5+ Kb5 29. a4+ 1-0

[Event "Goch op 17th"]
[Site "Goch"]
[Date "2006.10.12"]
[Round "1"]
[White "Wigger, Jochen"]
[Black "Beckers, Marius"]
[Result "1-0"]
[WhiteElo "2242"]
[BlackElo "1782"]
[PlyCount "29"]
[EventDate "2006.10.12"]
[EventType "swiss"]
[EventRounds "7"]
[EventCountry "GER"]
[SourceTitle "EXT 2008"]
[Source "ChessBase"]
[SourceDate "2007.11.25"]
[SourceVersion "1"]
[SourceVersionDate "2007.11.25"]
[SourceQuality "1"]

1. Nf3 e6 2. g3 Nf6 3. Bg2 Bc5 4. d4 Bb6 5. 0-0 c5 6. c4 d5 7. cxd5 exd5 8. Bg5 Be6 9. Nc3 Nc6 10. Bxf6 Qxf6 11. dxc5 d4 12. Ne4 Qg6 13. Nh4 Qg4 14. cxb6 g5 15. Nf6+ 1-0

[Event "Duisburg Grossenbaum op"]
[Site "Duisburg"]
[Date "2006.06.11"]
[Round "7"]
[White "Beil, Detlef"]
[Black "Beckers, Marius"]
[Result "1/2-1/2"]
[WhiteElo "1817"]
[BlackElo "1787"]
[PlyCount "78"]
[EventDate "2006.06.02"]
[EventType "swiss"]
[EventRounds "7"]
[EventCountry "GER"]
[SourceTitle "EXT 2007"]
[Source "ChessBase"]
[SourceDate "2006.11.23"]
[SourceVersion "1"]
[SourceVersionDate "2006.11.23"]
[SourceQuality "1"]

1. e4 e6 2. d4 d5 3. e5 c5 4. c3 Nc6 5. Nf3 Qb6 6. Be2 Nh6 7. 0-0 cxd4 8. Nxd4 Nxe5 9. Bf4 Bd6 10. Bb5+ Bd7 11. Bxd7+ Nxd7 12. Bxh6 gxh6 13. Re1 0-0-0 14. Nd2 Rhg8 15. a4 Rg6 16. b4 Rdg8 17. g3 Bxg3 18. hxg3 e5 19. a5 Qf6 20. N4f3 e4 21. Nh2 Ne5 22. Nxe4 dxe4 23. Rxe4 Kb8 24. Qe2 Nc6 25. Qe3 Qd6 26. Nf1 h5 27. Re1 Nd8 28. Qf4 Qxf4 29. Rxf4 Rc6 30. c4 Rg4 31. Re8 Rxf4 32. gxf4 Kc8 33. Re4 Rg6+ 34. Kh2 Rg4 35. f3 Rg6 36. Ng3 h4 37. Nf5 Kd7 38. Nxh4 Rh6 39. Kg3 Ne6 1/2-1/2

[Event "Duisburg Grossenbaum op"]
[Site "Duisburg"]
[Date "2006.06.03"]
[Round "2"]
[White "Beckers, Marius"]
[Black "Weiler, Wolfgang"]
[Result "0-1"]
[WhiteElo "1787"]
[BlackElo "2176"]
[PlyCount "56"]
[EventDate "2006.06.02"]
[EventType "swiss"]
[EventRounds "7"]
[EventCountry "GER"]
[SourceTitle "EXT 2007"]
[Source "ChessBase"]
[SourceDate "2006.11.23"]
[SourceVersion "1"]
[SourceVersionDate "2006.11.23"]
[SourceQuality "1"]

1. d4 Nf6 2. c4 c5 3. d5 b5 4. cxb5 a6 5. Nc3 axb5 6. Nxb5 Ba6 7. Nc3 d6 8. g3 g6 9. Bg2 Bg7 10. Nf3 Nbd7 11. 0-0 0-0 12. Re1 Qc7 13. Bf4 Rfb8 14. Qd2 Qb7 15. b3 Ng4 16. Rac1 Qa7 17. e4 Nde5 18. Nxe5 Nxe5 19. Re3 c4 20. Bxe5 Bxe5 21. bxc4 Bxc4 22. a4 Rc8 23. Rf3 Bb3 24. Nd1 Qxa4 25. Ne3 Rxc1+ 26. Qxc1 Qxe4 27. Qc6 Ra1+ 28. Nf1 Rxf1+ 0-1

[Event "Duisburg Grossenbaum op"]
[Site "Duisburg"]
[Date "2006.06.02"]
[Round "1"]
[White "Kubo, Thomas"]
[Black "Beckers, Marius"]
[Result "0-1"]
[WhiteElo "1400"]
[BlackElo "1787"]
[PlyCount "111"]
[EventDate "2006.06.02"]
[EventType "swiss"]
[EventRounds "7"]
[EventCountry "GER"]
[SourceTitle "EXT 2007"]
[Source "ChessBase"]
[SourceDate "2006.11.23"]
[SourceVersion "1"]
[SourceVersionDate "2006.11.23"]
[SourceQuality "1"]

1. e4 e6 2. d4 d5 3. Nc3 Bb4 4. e5 c5 5. Nf3 cxd4 6. Nxd4 Qc7 7. Qd3 Qxe5+ 8. Be3 a6 9. a3 Bc5 10. 0-0-0 Qc7 11. b4 Be7 12. g3 Nf6 13. Nf3 Nbd7 14. Bh3 b5 15. Bf4 Bd6 16. Bg5 Bb7 17. Ne2 Rc8 18. Rhe1 0-0 19. Nfd4 Ne4 20. Be3 Ne5 21. Qb3 Nc4 22. Bxe6 Nxe3 23. fxe3 fxe6 24. Nxe6 Qc6 25. Nxf8 Rxf8 26. Nd4 Qd7 27. Rf1 Kh8 28. Rxf8+ Bxf8 29. Rf1 Be7 30. Nf3 Qh3 31. Rd1 Qg2 32. Ne5 Qf2 33. Rd3 Qf1+ 34. Rd1 Qf2 35. Rd4 Qf5 36. Rxd5 Bxd5 37. Qxd5 Nd6 38. e4 Qf1+ 39. Kb2 Nc4+ 40. Nxc4 bxc4 41. Qa8+ Bf8 42. Kc3 g6 43. Qd5 Bg7+ 44. Kd2 Qf2+ 45. Kd1 Qd4+ 46. Qxd4 Bxd4 47. Kd2 Kg7 48. Ke2 Kf6 49. Kf3 Ke5 50. a4 h5 51. h4 Bc3 52. b5 axb5 53. axb5 Bd4 54. g4 Bc5 55. gxh5 gxh5 56. c3 0-1

[Event "Duisburg Grossenbaum op"]
[Site "Duisburg"]
[Date "2005.05.16"]
[Round "7"]
[White "Beckers, Marius"]
[Black "Stolzenberg, Peter"]
[Result "0-1"]
[WhiteElo "1600"]
[BlackElo "1531"]
[PlyCount "88"]
[EventDate "2005.05.13"]
[EventType "swiss"]
[EventRounds "7"]
[EventCountry "GER"]
[SourceTitle "EXT 2006"]
[Source "ChessBase"]
[SourceDate "2005.11.24"]
[SourceVersion "1"]
[SourceVersionDate "2005.11.24"]
[SourceQuality "1"]

1. d4 Nf6 2. c4 c6 3. Nc3 g6 4. e4 d6 5. f3 Bg7 6. Be3 0-0 7. Qd2 Nbd7 8. g4 e5 9. Nge2 Nb6 10. Ng3 Be6 11. d5 cxd5 12. cxd5 Bd7 13. Bb5 Bxb5 14. Nxb5 Nc4 15. Qe2 Qa5+ 16. Nc3 Rac8 17. Kf2 Nxb2 18. Qxb2 Qxc3 19. Qxc3 Rxc3 20. Bxa7 Ra8 21. Bb6 Rc2+ 22. Ne2 Rcxa2 23. Rab1 Ne8 24. Rhc1 Bh6 25. Rc4 Rd2 26. Rcb4 Raa2 27. Re1 Bg5 28. Be3 Bh4+ 29. Kf1 Bxe1 30. Bxd2 Bxd2 31. Rxb7 Kf8 32. h4 Ra1+ 33. Kg2 Re1 34. Ng1 Be3 35. Nh3 Re2+ 36. Kg3 Nf6 37. Rb8+ Kg7 38. Rd8 Bc5 39. Ra8 Bb4 40. Ng1 Rc2 41. Rd8 Bc5 42. Nh3 Bb4 43. Ng1 Bd2 44. Kf2 Ba5+ 0-1

[Event "Goch op 15th"]
[Site "Goch"]
[Date "2004.10.03"]
[Round "6"]
[White "Beckers, Marius"]
[Black "Simons, Stefan"]
[Result "1-0"]
[WhiteElo "1422"]
[BlackElo "1707"]
[PlyCount "75"]
[EventDate "2004.09.30"]
[EventType "swiss"]
[EventRounds "7"]
[EventCountry "GER"]
[SourceTitle "EXT 2006"]
[Source "ChessBase"]
[SourceDate "2005.11.24"]
[SourceVersion "1"]
[SourceVersionDate "2005.11.24"]
[SourceQuality "1"]

1. d4 Nf6 2. c4 c5 3. e3 g6 4. Nf3 Bg7 5. Nc3 cxd4 6. exd4 0-0 7. Be3 d6 8. Be2 Nbd7 9. 0-0 e5 10. Qd2 Re8 11. Bg5 e4 12. Bxf6 Nxf6 13. Ne1 d5 14. Nc2 Be6 15. Ne3 Rc8 16. cxd5 Bxd5 17. Rfd1 h5 18. b3 Bh6 19. Ncxd5 Nxd5 20. Bc4 Nf6 21. Qb2 Qd6 22. Re1 h4 23. Rad1 Bg7 24. Qb1 a6 25. a4 Qd7 26. Be2 Bf8 27. h3 Bb4 28. Bg4 Nxg4 29. Nxg4 Qe6 30. Rxe4 Qd6 31. d5 Rxe4 32. Qxe4 f5 33. Nh6+ Kg7 34. Qxh4 Rc2 35. Qg5 Qe5 36. d6 Bxd6 37. Rxd6 Qe1+ 38. Kh2 1-0

[Event "Goch op 15th"]
[Site "Goch"]
[Date "2004.09.30"]
[Round "1"]
[White "Zastrow, Ulrich"]
[Black "Beckers, Marius"]
[Result "1-0"]
[WhiteElo "2051"]
[BlackElo "1422"]
[PlyCount "35"]
[EventDate "2004.09.30"]
[EventType "swiss"]
[EventRounds "7"]
[EventCountry "GER"]
[SourceTitle "EXT 2006"]
[Source "ChessBase"]
[SourceDate "2005.11.24"]
[SourceVersion "1"]
[SourceVersionDate "2005.11.24"]
[SourceQuality "1"]

1. c4 e6 2. Nc3 Bb4 3. Nf3 d5 4. cxd5 exd5 5. Qb3 Bxc3 6. Qxc3 Nf6 7. d3 0-0 8. Bg5 Nbd7 9. Rc1 c6 10. e3 Qc7 11. Be2 Re8 12. 0-0 Ng4 13. Bf4 Qd8 14. h3 Ngf6 15. Rc2 Nb6 16. Bg5 Re6 17. Nd4 Re5 18. Nxc6 1-0